Los frutos en el derecho civil chileno: y en especial, de la naturaleza jurídica de las acciones liberadas
Saved in:
| Hovedforfatter: | |
|---|---|
| Format: | Bog |
| Sprog: | spansk |
| Udgivet: |
Santiago
Jurídica de Chile
1958
|
| Fag: | |
| Tags: |
Tilføj Tag
Ingen Tags, Vær først til at tagge denne postø!
|
MARC
| LEADER | 00000nam a2200000 a 4500 | ||
|---|---|---|---|
| 001 | UCS1088 | ||
| 003 | CL-VaPUC | ||
| 008 | 970509e19580000CL |||||||||||||||||spa|d | ||
| 082 | 0 | 4 | |a 346.04 |b SEP |2 21 |
| 100 | 0 | |a Sepúlveda Herrero, Nora |e author |9 385154 | |
| 245 | 1 | 4 | |a Los frutos en el derecho civil chileno: y en especial, de la naturaleza jurídica de las acciones liberadas |
| 300 | |a 226 p | ||
| 942 | |c BK | ||
| 945 | |d 19970509 00:00:00 |a cmena | ||
| 260 | |a Santiago |b Jurídica de Chile |c 1958 | ||
| 650 | 0 | |a Bienes |9 255749 | |
| 650 | 0 | |a Derecho civil |9 255013 | |
| 650 | 7 | |a DERECHO CHILENO |2 CL-VaPUC |9 385155 | |
| 650 | 0 | |a Jurisprudencia |9 255952 | |
| 650 | 0 | |a Derecho comparado |9 255664 | |
| 650 | 0 | |a Usufructo |9 256763 | |
| 651 | 7 | |a CHILE |2 CL-VaPUC |9 385156 | |
| 651 | 0 | |a Francia |9 255157 | |
| 651 | 0 | |a España |9 254926 | |
| 651 | 0 | |a Italia |9 254949 | |
| 651 | 0 | |a Argentina |9 254888 | |
| 651 | 0 | |a Alemania |9 255688 | |
| 583 | |a last modification |c 19970509 00:00:00 |k Rodrigo Vera | ||
| 999 | |c 259194 |d 259192 | ||
| 952 | |0 0 |1 0 |4 0 |6 346_040000000000000_SEP_1958 |7 0 |8 A |9 283806 |a BIBDER |b BIBDER |d 2019-11-19 |i 1842765 |o 346.04 SEP 1958 |p 1842765 |r 2023-01-25 |w 2019-11-19 |y BK |k DER | ||
| 952 | |0 0 |1 0 |4 0 |6 346_040000000000000_SEP_1958 |7 0 |8 A |9 283807 |a BIBDER |b BIBDER |d 2019-11-19 |i 1842773 |o 346.04 SEP 1958 |p 1842773 |r 2023-01-25 |w 2019-11-19 |y BK |k DER | ||